Obchod a služby - tretí sektor Analýza odvetvia
Obchod a služby - tretí sektor - patria k indikátorom vývoja ekonomiky. Vývoj v odvetví je determinovaný ekonomickou úrovňou obyvateľstva. Vývoj odvetvového indexu SIP - Obchod a služby. Základné údaje o spoločnostiach analyzovaného sektora: Ski Jasná, a. s. Demänovská Dolina, Incheba, a. s. Bratisl...
Enregistré dans:
| Format: | Chapitre de livre |
|---|---|
| Langue: | slovaque |
| Sujets: | |
| Tags: |
Pas de tags, Soyez le premier à ajouter un tag!
|
MARC
| LEADER | 00000naa a2200000 4500 | ||
|---|---|---|---|
| 001 | r026046 | ||
| 005 | 20230426105817.8 | ||
| 041 | 0 | |a slo | |
| 044 | |a SK | ||
| 245 | 1 | 0 | |a Obchod a služby - tretí sektor |b Analýza odvetvia |
| 520 | |a Obchod a služby - tretí sektor - patria k indikátorom vývoja ekonomiky. Vývoj v odvetví je determinovaný ekonomickou úrovňou obyvateľstva. Vývoj odvetvového indexu SIP - Obchod a služby. Základné údaje o spoločnostiach analyzovaného sektora: Ski Jasná, a. s. Demänovská Dolina, Incheba, a. s. Bratislava, Chirana Export - Import, a. s. Piešťany, Eurocamp FICC, a. s. Tatranská Lomnica. | ||
| 610 | 2 | 0 | |a obchod |
| 610 | 2 | 0 | |a služby |
| 610 | 2 | 0 | |a sektor terciárny |
| 610 | 2 | 0 | |a Slovensko |
| 610 | 2 | 0 | |a analýza finančná |
| 610 | 2 | 0 | |a analýza technická |
| 610 | 2 | 0 | |a 1994-1995 |
| 610 | 2 | 0 | |a indexy burzové |
| 610 | 2 | 0 | |a Ski Jasná, a.s. Demänovská Dolina |
| 610 | 2 | 0 | |a Incheba, a.s. Bratislava |
| 610 | 2 | 0 | |a Chirana Export-Import, a.s. Piešťany |
| 610 | 2 | 0 | |a Eurocamp FICC, a.s. Tatranská Lomnica |